[Event "SR 2. liga A 2002/2003"]
[Site "?"]
[Date "2003.03.16"]
[Round "11.7"]
[White "Pospichal, Karol"]
[Black "Mihalik, Milan"]
[Result "1/2-1/2"]
[WhiteElo "2089"]
[BlackElo "2084"]
[PlyCount "50"]
[EventDate "2002.??.??"]

1. e4 e5 2. c4 Nf6 3. Nc3 d6 4. d3 Nc6 5. g3 Bg4 6. f3 Bd7 7. Bg2 Be7 8. Nge2
a6 9. O-O O-O 10. h3 h6 11. f4 exf4 12. gxf4 Nh7 13. Be3 f5 14. Bf2 Bh4 15. Nd5
Bxf2+ 16. Rxf2 Ne7 17. e5 Bc6 18. Nxe7+ Qxe7 19. Bxc6 bxc6 20. d4 c5 21. dxc5
dxe5 22. Qd5+ Kh8 23. Qxe5 Qxe5 24. fxe5 Rae8 25. Nd4 Rxe5 1/2-1/2

[Event "SR 2. liga A 2002/2003"]
[Site "?"]
[Date "2003.03.16"]
[Round "11.7"]
[White "Simon, Lukas"]
[Black "Duris, Ivan"]
[Result "1-0"]
[WhiteElo "1980"]
[BlackElo "2023"]
[PlyCount "59"]
[EventDate "2002.??.??"]

1. e4 e6 2. Nf3 d5 3. exd5 exd5 4. d4 Bd6 5. h3 Nf6 6. Bd3 Nc6 7. a3 O-O 8. O-O
Ne7 9. Nc3 c6 10. Ne2 Qc7 11. Bg5 Ng6 12. Qc1 Ne4 13. c4 Nxg5 14. Qxg5 Nf4 15.
Nxf4 Bxf4 16. Qh4 h6 17. cxd5 cxd5 18. Rfe1 Qd6 19. Qe7 Qb6 20. Qc5 Qd8 21. Qb5
Be6 22. Bb1 Rc8 23. Qd3 g6 24. Rxe6 Rc1+ 25. Re1 Rc6 26. g3 Bd6 27. Ne5 Bxe5
28. dxe5 Qd7 29. Kg2 Re8 30. Ba2 {cas} 1-0

[Event "SR 2. liga A 2002/2003"]
[Site "?"]
[Date "2003.03.16"]
[Round "11.8"]
[White "Behul, Bohus"]
[Black "Durdovic, V."]
[Result "1/2-1/2"]
[WhiteElo "2149"]
[BlackElo "1846"]
[PlyCount "32"]
[EventDate "2002.??.??"]

1. d4 d5 2. c4 c6 3. cxd5 cxd5 4. Nc3 e6 5. e3 Nf6 6. Nf3 Nc6 7. Be2 Be7 8. O-O
O-O 9. b3 b6 10. Bb2 Bb7 11. Rc1 Rc8 12. h3 h6 13. Ne5 Ne4 14. Nxc6 Rxc6 15.
Nxe4 dxe4 16. Rxc6 Bxc6 1/2-1/2

[Event "SR 2. liga A 2002/2003"]
[Site "?"]
[Date "2003.03.16"]
[Round "11.8"]
[White "Galan, Anton"]
[Black "Lobodas, Andrej"]
[Result "0-1"]
[WhiteElo "1966"]
[BlackElo "1867"]
[PlyCount "96"]
[EventDate "2002.??.??"]

1. e4 e6 2. d4 d5 3. Nd2 c5 4. exd5 exd5 5. Ndf3 Nc6 6. c3 Qb6 7. Bd3 Bg4 8. h3
Bh5 9. g4 Bg6 10. Ne2 Nf6 11. Bxg6 hxg6 12. Ng3 O-O-O 13. Qc2 Bd6 14. dxc5
Rde8+ 15. Be3 Rxe3+ 16. Ne2 Rxe2+ 17. Qxe2 Bxc5 18. O-O-O Re8 19. Qc2 Bxf2 20.
g5 Qe3+ 21. Kb1 Qxf3 22. gxf6 gxf6 23. Rhf1 Re2 24. Qb3 Qe4+ 25. Ka1 Qc4 26.
Rxd5 Qxb3 27. axb3 Re1+ 28. Rxe1 Bxe1 29. Kb1 f5 30. Kc2 f4 31. Kd1 Bg3 32. Ke2
Kc7 33. Kf3 f6 34. b4 Ne5+ 35. Kg2 Bh4 36. b5 f3+ 37. Kf1 f2 38. Kg2 b6 39. Rd4
g5 40. Rd1 Nc4 41. Rd3 Nxb2 42. Rf3 Nd1 43. Kf1 f5 44. Ke2 g4 45. hxg4 fxg4 46.
Rf7+ Kd6 47. Kxd1 g3 48. Ke2 g2 0-1

[Event "SR 2. liga A 2002/2003"]
[Site "?"]
[Date "2003.03.16"]
[Round "11.8"]
[White "Jozefovic, Milan"]
[Black "Krist, Milan"]
[Result "1/2-1/2"]
[WhiteElo "1350"]
[BlackElo "2001"]
[PlyCount "120"]
[EventDate "2002.??.??"]

1. e4 e6 2. Nf3 d5 3. e5 c5 4. d4 Nc6 5. Bb5 Bd7 6. O-O cxd4 7. Bxc6 Bxc6 8.
Nxd4 Qc7 9. Nxc6 bxc6 10. Re1 Ne7 11. Qe2 Ng6 12. Nd2 Bc5 13. Nf3 O-O 14. c3 a5
15. Be3 Be7 16. Bg5 c5 17. h4 Bxg5 18. hxg5 Rfb8 19. Rab1 c4 20. g3 Nf8 21. Kg2
Rb5 22. Rh1 Rab8 23. Nd4 R5b6 24. a4 Qb7 25. Nb5 d4+ 26. Qf3 Qxf3+ 27. Kxf3 d3
28. Rh4 Ng6 29. Re4 Rd8 30. Ke3 Rc6 31. f4 Ne7 32. Kd2 Nd5 33. Nd6 Nb6 34. b3
Rb8 35. b4 Nxa4 36. Rxc4 Rxc4 37. Nxc4 axb4 38. Rxb4 Ra8 39. Nb6 Nxb6 40. Rxb6
h6 41. gxh6 gxh6 42. Kxd3 Ra2 43. f5 Rg2 44. fxe6 Rxg3+ 45. Kd4 fxe6 46. Rxe6
Kg7 47. c4 h5 48. Rf6 h4 49. Rf1 h3 50. c5 h2 51. Rh1 Rh3 52. Kd5 Kf7 53. Kd6
Rd3+ 54. Kc7 Rd2 55. c6 Ke6 56. Re1 Rg2 57. Rh1 Rd2 58. Kc8 Kxe5 59. c7 Kf4 60.
Kb7 Rb2+ 1/2-1/2

[Event "SR 2. liga A 2002/2003"]
[Site "?"]
[Date "2003.03.16"]
[Round "11.8"]
[White "Karlik, Lukas"]
[Black "Nepras, Martin"]
[Result "0-1"]
[WhiteElo "1488"]
[BlackElo "1988"]
[PlyCount "88"]
[EventDate "2002.??.??"]

1. d4 Nf6 2. c4 e6 3. Nc3 d5 4. Bg5 Be7 5. e3 O-O 6. Nf3 b6 7. cxd5 Nxd5 8.
Nxd5 exd5 9. Bxe7 Qxe7 10. Be2 Nd7 11. O-O Nf6 12. Rc1 c5 13. dxc5 bxc5 14. b3
Bb7 15. Qc2 Rac8 16. Rfd1 Ne4 17. Qb2 Rfe8 18. Bb5 Red8 19. Qe5 Kf8 20. Qxe7+
Kxe7 21. Kf1 f5 22. g3 g5 23. Bd3 Kf6 24. Bxe4 fxe4 25. Nd2 g4 26. Nb1 Ke5 27.
Na3 Ba6+ 28. Ke1 Rd6 29. Rd2 Rh6 30. Rdc2 Kd6 31. Kd2 Rxh2 32. Kc3 Bd3 33. Rd2
d4+ 34. Kb2 dxe3 35. Nc4+ Ke6 36. Nxe3 h5 37. Re1 Kd6 38. Nd1 Kc6 39. Kc3 Rf8
40. a3 a5 41. Rb2 Rf3 42. Kd2 h4 43. gxh4 g3 44. Kc3 gxf2 0-1

[Event "SR 2. liga A 2002/2003"]
[Site "?"]
[Date "2003.03.16"]
[Round "11.8"]
[White "Zisek, Jaroslav"]
[Black "Slamka, Michal"]
[Result "0-1"]
[WhiteElo "1732"]
[BlackElo "1588"]
[PlyCount "102"]
[EventDate "2002.??.??"]

1. c4 e6 2. Nc3 Nf6 3. e4 Nc6 4. d4 Bb4 5. e5 Ne4 6. Qc2 Nxc3 7. bxc3 Be7 8.
Nf3 d6 9. Be3 d5 10. Bd3 h6 11. c5 b6 12. O-O O-O 13. Qd2 h5 14. cxb6 axb6 15.
Qe2 Qe8 16. Ng5 g6 17. Nh3 Kg7 18. Nf4 Rh8 19. Nh3 Na5 20. f4 Nc4 21. Rf3 Ba6
22. Nf2 Nxe3 23. Rxe3 Bxd3 24. Qxd3 b5 25. Qd2 c6 26. Nd3 Qd7 27. g3 Ra6 28.
Kg2 Rha8 29. h3 Qa7 30. Re2 Ra3 31. Nb4 c5 32. Nc6 Qc7 33. Nxe7 Qxe7 34. Qb2
cxd4 35. cxd4 Rd3 36. Rd2 Raa3 37. Rxd3 Rxd3 38. a4 bxa4 39. Rxa4 Qc7 40. Ra3
Rxa3 41. Qxa3 Qc2+ 42. Kf3 Qe4+ 43. Kf2 Qxd4+ 44. Ke2 Qe4+ 45. Kd2 Qg2+ 46. Kd1
Qxh3 47. Qe7 Qf5 48. Kd2 Kh6 49. Qd8 Kh7 50. Qe7 g5 51. fxg5 Kg6 0-1

[Event "SR 2. liga A 2003/2004"]
[Site "?"]
[Date "2003.10.18"]
[Round "1.1"]
[White "Duriga, Stefan"]
[Black "Kleman, Miroslav"]
[Result "1-0"]
[WhiteElo "2246"]
[BlackElo "2158"]
[PlyCount "39"]
[EventDate "2003.??.??"]

1. d4 d5 2. c4 c6 3. Nc3 Bf5 4. Qb3 dxc4 5. Qxb7 Nd7 6. e4 Bg6 7. Bxc4 e5 8.
Nf3 Rb8 9. Qxc6 Rb6 10. Qa4 exd4 11. Nd5 Re6 12. O-O Rxe4 13. Ng5 Re5 14. Bf4
Bd6 15. Bxe5 Bxe5 16. Rfe1 Qxg5 17. f4 Qd8 18. Rxe5+ Kf8 19. Qb4+ Ne7 20. Rxe7
1-0

[Event "SR 2. liga A 2003/2004"]
[Site "?"]
[Date "2003.10.18"]
[Round "1.1"]
[White "Kundrik, Peter"]
[Black "Smolen, Jan"]
[Result "1/2-1/2"]
[WhiteElo "2163"]
[BlackElo "2256"]
[PlyCount "95"]
[EventDate "2003.??.??"]

1. e4 d5 2. exd5 Qxd5 3. Nc3 Qa5 4. d4 Nf6 5. Nf3 Nc6 6. Bd2 Bg4 7. Bb5 O-O-O
8. Bxc6 bxc6 9. h3 Qh5 10. Qe2 Bxf3 11. gxf3 Kb7 12. O-O-O e6 13. Rhg1 Qa5 14.
Kb1 Rxd4 15. Ne4 Qb5 16. Qe3 Rd7 17. Rg5 Qb6 18. Kc1 Qxe3 19. Bxe3 Rxd1+ 20.
Kxd1 Nxe4 21. fxe4 g6 22. Ra5 a6 23. Bd4 Rg8 24. Bf6 Kb6 25. Ra4 Bc5 26. Ke2
Re8 27. e5 Be7 28. Rd4 Bxf6 29. exf6 c5 30. Rd7 Rf8 31. Ke3 h6 32. Ke4 Kc6 33.
Re7 Kd6 34. b3 g5 35. f4 a5 36. a4 Rb8 37. fxg5 Rb4+ 38. Kd3 hxg5 39. Rxf7 Rh4
40. Rg7 c4+ 41. bxc4 Rxh3+ 42. Kd2 Rg3 43. f7 Ke7 44. f8=Q+ Kxf8 45. Rxc7 Ra3
46. Rc5 Rxa4 47. Rxg5 Ke7 48. Rb5 1/2-1/2

[Event "SR 2. liga A 2003/2004"]
[Site "?"]
[Date "2003.10.18"]
[Round "1.1"]
[White "Likavsky, Tomas"]
[Black "Oprea, Erik"]
[Result "1-0"]
[WhiteElo "2482"]
[BlackElo "2083"]
[PlyCount "95"]
[EventDate "2003.??.??"]

1. d4 d6 2. Nf3 c6 3. c4 Qc7 4. Nc3 e5 5. e4 Bg4 6. Be2 Nf6 7. O-O Be7 8. Be3
Nbd7 9. Rb1 O-O 10. d5 c5 11. Ne1 Bxe2 12. Qxe2 a6 13. a4 Rfe8 14. Nd3 Nf8 15.
b4 b6 16. a5 bxa5 17. bxc5 dxc5 18. f3 Rab8 19. Na4 N6d7 20. Qf2 Rec8 21. g3
Bd6 22. Rfc1 Rxb1 23. Rxb1 h6 24. Rb3 Nh7 25. Qb2 Ng5 26. Kg2 f5 27. exf5 e4
28. fxe4 Nxe4 29. Rb7 Qd8 30. Nf4 Bxf4 31. Bxf4 Qe8 32. Qe2 Ndf6 33. Nb6 Nc3
34. Qe6+ Qxe6 35. fxe6 Re8 36. Ra7 a4 37. Rxa6 Nfe4 38. Nxa4 Ne2 39. Be3 Nd4
40. Nb6 Nc2 41. Bf2 Rf8 42. Ra8 Na3 43. Rxf8+ Kxf8 44. Be3 Ke8 45. Kf3 Nd6 46.
Bxc5 Naxc4 47. Nxc4 Nxc4 48. d6 1-0

[Event "SR 2. liga A 2003/2004"]
[Site "?"]
[Date "2003.10.18"]
[Round "1.1"]
[White "Plachetka, Jan"]
[Black "Bisco, Igor"]
[Result "1/2-1/2"]
[WhiteElo "2455"]
[BlackElo "2187"]
[PlyCount "56"]
[EventDate "2003.??.??"]

1. e4 e5 2. Nf3 Nc6 3. Bb5 a6 4. Ba4 Nf6 5. O-O Be7 6. Re1 b5 7. Bb3 d6 8. c3
O-O 9. h3 Bb7 10. d4 Re8 11. Ng5 Rf8 12. Nf3 Re8 13. Nbd2 Bf8 14. a4 h6 15. d5
Nb8 16. c4 bxc4 17. Nxc4 a5 18. Bd2 c6 19. dxc6 Nxc6 20. Bc3 Nb4 21. Bxb4 axb4
22. Nfd2 d5 23. exd5 Qxd5 24. Nf3 e4 25. Qxd5 Bxd5 26. Nd4 Bc5 27. Nb5 Rac8 28.
Rac1 e3 1/2-1/2

[Event "SR 2. liga A 2003/2004"]
[Site "?"]
[Date "2003.10.18"]
[Round "1.1"]
[White "Provaznik, Michal"]
[Black "Minich, Peter"]
[Result "0-1"]
[WhiteElo "2241"]
[BlackElo "2210"]
[PlyCount "62"]
[EventDate "2003.??.??"]

1. e4 e5 2. Nf3 Nc6 3. Bb5 Nge7 4. O-O g6 5. d4 exd4 6. c3 dxc3 7. Nxc3 Bg7 8.
Bg5 O-O 9. Qb3 h6 10. Bh4 g5 11. Bg3 d6 12. Rad1 Be6 13. Nd5 Ng6 14. Qc2 g4 15.
Ne1 Nd4 16. Rxd4 Bxd4 17. Qd2 Bg7 18. Ne3 Qg5 19. Bd3 Ne5 20. f4 gxf3 21. Nxf3
Nxf3+ 22. Rxf3 Rfe8 23. Bf4 Qc5 24. Rg3 Kf8 25. Kh1 Be5 26. Nd5 Bxd5 27. Bxe5
Rxe5 28. Qxh6+ Ke7 29. Rf3 Be6 30. Qf6+ Kd7 31. b3 Re8 0-1

[Event "SR 2. liga A 2003/2004"]
[Site "?"]
[Date "2003.10.18"]
[Round "1.1"]
[White "Rohacek, Miroslav"]
[Black "Tepper, Frantisek"]
[Result "1-0"]
[WhiteElo "2130"]
[BlackElo "2232"]
[PlyCount "75"]
[EventDate "2003.??.??"]

1. Nf3 d5 2. c4 d4 3. b4 c5 4. Bb2 f6 5. bxc5 e5 6. d3 Bxc5 7. g3 Nc6 8. Bg2
Qb6 9. Qb3 Bb4+ 10. Nfd2 a5 11. Na3 a4 12. Qd1 Qa5 13. Nc2 Be7 14. O-O Nh6 15.
Ba3 Bxa3 16. Nxa3 O-O 17. Rb1 Nb4 18. Rb2 Qc5 19. Ne4 Qe7 20. Qd2 Nc6 21. Nb5
f5 22. Ned6 Be6 23. Nxb7 Qxb7 24. Nxd4 Qxb2 25. Qxb2 Rab8 26. Nb5 Nd4 27. e3
Nxb5 28. cxb5 e4 29. dxe4 Bc4 30. Rc1 Bxb5 31. e5 Bd3 32. Qd4 Be4 33. Bxe4 fxe4
34. Qxe4 Rb2 35. Rc2 a3 36. Rxb2 axb2 37. Qb4 Ng4 38. Qxb2 1-0

[Event "SR 2. liga A 2003/2004"]
[Site "?"]
[Date "2003.10.18"]
[Round "1.2"]
[White "Bezuch, Martin"]
[Black "Stepanovic, Branislav"]
[Result "1-0"]
[WhiteElo "2175"]
[BlackElo "2068"]
[PlyCount "65"]
[EventDate "2003.??.??"]

1. e4 c5 2. Nf3 d6 3. d4 cxd4 4. Nxd4 Nf6 5. Nc3 a6 6. Be3 e6 7. f3 Be7 8. Qd2
Nc6 9. g4 Nd7 10. O-O-O Nde5 11. Be2 f6 12. f4 Nxd4 13. Bxd4 Nf7 14. Qe3 O-O
15. Bb6 Qe8 16. Bc4 Qc6 17. Bb3 Bd8 18. Bxd8 Rxd8 19. f5 Re8 20. Rdg1 b5 21. h4
h6 22. g5 hxg5 23. hxg5 Nxg5 24. Rxg5 fxg5 25. Qxg5 Ra7 26. Rg1 Rf7 27. f6 Qc5
28. Qg6 Qe5 29. Rf1 Ref8 30. Nd5 exd5 31. Bxd5 Be6 32. Rf5 Bxf5 $4 33. Qxg7#
1-0

[Event "SR 2. liga A 2003/2004"]
[Site "?"]
[Date "2003.10.18"]
[Round "1.2"]
[White "Breja, Stanislav"]
[Black "Meszaros, Michal"]
[Result "1-0"]
[WhiteElo "2121"]
[BlackElo "2306"]
[PlyCount "161"]
[EventDate "2003.??.??"]

1. e4 c5 2. c3 Nf6 3. e5 Nd5 4. d4 cxd4 5. cxd4 e6 6. Nf3 b6 7. Bc4 Bb7 8. O-O
Be7 9. Bxd5 Bxd5 10. Nc3 Bb7 11. d5 Bc5 12. Bg5 Qc8 13. Rc1 exd5 14. b4 Bxb4
15. Nxd5 Bc5 16. Ne7 Qc7 17. Nf5 O-O 18. Nxg7 Bxf3 19. Qxf3 Qc6 20. Qg3 Qg6 21.
Bf6 Qxg3 22. hxg3 Nc6 23. Nf5 Rfe8 24. Rfe1 Re6 25. Rc4 h5 26. Rh4 Rae8 27.
Ree4 Nxe5 28. Rxe5 Bxf2+ 29. Kxf2 Rxe5 30. Rxh5 Rxf5+ 31. Rxf5 Kh7 32. Bc3 Re4
33. Rxf7+ Kg6 34. Rxd7 Ra4 35. Rd2 Kf5 36. Kf3 Ra3 37. Rc2 b5 38. Kf2 a5 39.
Bb2 Rxa2 40. Rc5+ Ke4 41. Rxb5 a4 42. Re5+ Kd3 43. Re2 a3 44. Re3+ Kc4 45. Rxa3
Rxb2+ 46. Kg1 Kd4 47. Rf3 Ke5 48. Kh2 Rb8 49. g4 Rh8+ 50. Kg3 Rg8 51. Rf4 Ke6
52. Rf5 Ra8 53. Kf4 Ra4+ 54. Kg5 Ra2 55. g3 Ra3 56. Kh4 Ra8 57. Rf4 Rh8+ 58.
Kg5 Rh3 59. Rf3 Rh8 60. Rf6+ Ke5 61. Rh6 Rg8+ 62. Kh5 Ke4 63. g5 Ra8 64. Rf6
Rh8+ 65. Kg4 Ke5 66. Rf7 Rg8 67. Re7+ Kd6 68. Re3 Kd5 69. Kh5 Rh8+ 70. Kg6 Kd4
71. Re7 Rg8+ 72. Kf6 Rf8+ 73. Rf7 Ra8 74. g6 Ra6+ 75. Kg5 Ra5+ 76. Rf5 Ra3 77.
g4 Ra7 78. Kh6 Ra6 79. Kh7 Ra1 80. g7 Rh1+ 81. Kg6 1-0

[Event "SR 2. liga A 2003/2004"]
[Site "?"]
[Date "2003.10.18"]
[Round "1.2"]
[White "Cvicela, Anton"]
[Black "Lanc, Alois"]
[Result "1-0"]
[WhiteElo "2170"]
[BlackElo "2380"]
[PlyCount "65"]
[EventDate "2003.??.??"]

1. e4 c5 2. Nf3 Nc6 3. d4 cxd4 4. Nxd4 Nf6 5. Nc3 d6 6. Be3 e6 7. Qd2 Ng4 8.
Bg5 Qb6 9. Ndb5 f6 10. Na4 Qd8 11. Be2 a6 12. Nd4 Nxf2 13. Bh5+ g6 14. Qxf2
fxg5 15. O-O Ne5 16. Bg4 Qe7 17. Nb6 Nxg4 18. Qg3 Bg7 19. c3 Rb8 20. Qxg4 h5
21. Qe2 Bd7 22. Qc4 Bxd4+ 23. cxd4 Bb5 24. Qb4 Bxf1 25. Rxf1 Qc7 26. e5 Rf8 27.
Rxf8+ Kxf8 28. Nc4 Kg7 29. exd6 Qc6 30. Ne5 Qe4 31. d7 Qb1+ 32. Kf2 Rf8+ 33.
Qxf8+ 1-0

[Event "SR 2. liga A 2003/2004"]
[Site "?"]
[Date "2003.10.18"]
[Round "1.2"]
[White "Fabry, Robert"]
[Black "Machalova, Veronika"]
[Result "1-0"]
[WhiteElo "2182"]
[BlackElo "2129"]
[PlyCount "83"]
[EventDate "2003.??.??"]

1. b3 d5 2. Bb2 c5 3. e3 e6 4. f4 Nf6 5. Nf3 Be7 6. Be2 O-O 7. O-O Nc6 8. Ne5
Ne8 9. c4 f6 10. cxd5 Nxe5 11. fxe5 exd5 12. Nc3 Be6 13. Na4 Rc8 14. Rc1 b6 15.
Ba6 Rb8 16. Qe2 Nc7 17. Bd3 f5 18. Bb1 Bg5 19. Rf2 g6 20. Rcf1 Qd7 21. Bd3 Rbd8
22. Nc3 d4 23. exd4 Qxd4 24. Nb5 Qd7 25. Nxc7 Qxc7 26. Bc3 Be7 27. Bc4 Qd7 28.
Bb5 Qc8 29. Rf3 Bd5 30. Bc4 Qe6 31. Bxd5 Qxd5 32. Rh3 Qe6 33. Qe3 b5 34. Qh6
Rf7 35. Rhf3 b4 36. Bb2 c4 37. bxc4 Bc5+ 38. Kh1 Rxd2 39. Qxd2 Qxc4 40. Rc1 Qb5
41. Qd8+ Bf8 42. e6 1-0

[Event "SR 2. liga A 2003/2004"]
[Site "?"]
[Date "2003.10.18"]
[Round "1.2"]
[White "Janos, Martin"]
[Black "Petreje, Juraj"]
[Result "1/2-1/2"]
[WhiteElo "2148"]
[BlackElo "2189"]
[PlyCount "149"]
[EventDate "2003.??.??"]

1. e4 c5 2. Nf3 g6 3. d4 cxd4 4. Qxd4 Nf6 5. e5 Nc6 6. Qa4 Nd5 7. c4 Nc7 8. Bf4
Bg7 9. Nc3 Ne6 10. Bg3 O-O 11. Be2 b6 12. Nd5 Bb7 13. O-O Re8 14. Rfe1 Rc8 15.
Rad1 Na5 16. b3 Nc5 17. Qa3 Ne4 18. Bh4 Bxd5 19. Rxd5 Nc3 20. Rd3 Nxe2+ 21.
Rxe2 Rc7 22. Qb4 Qc8 23. Qe1 Nb7 24. Nd4 Nc5 25. Rd1 a6 26. f4 Ne6 27. f5 Nxd4
28. Rxd4 b5 29. f6 Bf8 30. fxe7 Bxe7 31. Bxe7 Rxe7 32. Qh4 Qe8 33. Qf4 bxc4 34.
bxc4 Re6 35. Rde4 Qe7 36. g4 Rcc6 37. g5 Qf8 38. Kg2 Qa8 39. Kg3 Rc5 40. h4 Qb8
41. Rf2 Qe8 42. Rfe2 Rec6 43. Rd2 Re6 44. Rd5 Rc7 45. Rd6 Rc6 46. Rxc6 Rxc6 47.
Qd2 Qe7 48. Kf4 Qe6 49. Qd5 Qh3 50. Rd4 Qxh4+ 51. Kf3 Qh3+ 52. Ke2 Rb6 53. Qa8+
Kg7 54. Qf3 Qh2+ 55. Kd3 Qxa2 56. Ke4 Qb1+ 57. Qd3 Qc1 58. Rxd7 Qxg5 59. Qf3
Qf5+ 60. Qxf5 gxf5+ 61. Kxf5 a5 62. Rd2 Rc6 63. Rc2 a4 64. Ke4 a3 65. Kd5 Rc8
66. Ra2 Ra8 67. c5 Kf8 68. Kd6 Rd8+ 69. Kc7 Rd3 70. c6 Ke7 71. Kc8 Rb3 72. c7
h5 73. Rd2 Rb2 74. Rd7+ Ke8 75. Rd8+ 1/2-1/2

[Event "SR 2. liga A 2003/2004"]
[Site "?"]
[Date "2003.10.18"]
[Round "1.2"]
[White "Nicolini, Alexander"]
[Black "Horak, Ivan"]
[Result "1/2-1/2"]
[WhiteElo "2123"]
[BlackElo "2198"]
[PlyCount "83"]
[EventDate "2003.??.??"]

1. e4 c5 2. Nf3 d6 3. c3 Nf6 4. Bd3 Bg4 5. h3 Bxf3 6. Qxf3 Nc6 7. Bc2 Qc7 8.
O-O g6 9. Na3 a6 10. Rd1 Bg7 11. d4 cxd4 12. cxd4 O-O 13. d5 Ne5 14. Qe2 Rac8
15. Bb3 b5 16. Bg5 h6 17. Rac1 Qb7 18. Bh4 Rxc1 19. Rxc1 Rc8 20. Rc2 g5 21. Bg3
Nfd7 22. h4 Rc5 23. hxg5 hxg5 24. Rxc5 dxc5 25. Bd1 b4 26. Nc4 Nxc4 27. Qxc4
Bxb2 28. Bg4 Bd4 29. Bf5 Nf8 30. Qc1 f6 31. Qd1 Kg7 32. Qh5 b3 33. axb3 Qxb3
34. Qe8 Qxg3 35. Qxe7+ Kg8 36. Be6+ Nxe6 37. Qxe6+ Kg7 38. Qe7+ Kg6 39. Qe8+
Kg7 40. Qe7+ Kg8 41. Qe8+ Kg7 42. Qe7+ 1/2-1/2

[Event "SR 2. liga A 2003/2004"]
[Site "?"]
[Date "2003.10.18"]
[Round "1.3"]
[White "Antol, Ladislav"]
[Black "Eged, Igor"]
[Result "1-0"]
[WhiteElo "2057"]
[BlackElo "2113"]
[PlyCount "43"]
[EventDate "2003.??.??"]

1. e4 e6 2. d4 d5 3. Nd2 Nf6 4. e5 Nfd7 5. Bd3 c5 6. c3 Nc6 7. Ne2 Qb6 8. Nf3
cxd4 9. cxd4 Bb4+ 10. Bd2 Bxd2+ 11. Qxd2 Qb4 12. Rc1 Qxd2+ 13. Kxd2 Nb6 14. Nf4
a6 15. h4 Bd7 16. Nh5 Kf8 17. Rh3 Rc8 18. Ke3 Na7 19. Rxc8+ Nbxc8 20. Ng5 Be8
21. Nxh7+ Kg8 22. N5f6+ 1-0

[Event "SR 2. liga A 2003/2004"]
[Site "?"]
[Date "2003.10.18"]
[Round "1.3"]
[White "Harasta, Vladimir"]
[Black "Doucha, Ludvik"]
[Result "0-1"]
[WhiteElo "2192"]
[BlackElo "2122"]
[PlyCount "58"]
[EventDate "2003.??.??"]

1. c4 Nf6 2. Nc3 g6 3. e4 d6 4. d4 Bg7 5. Nf3 Bg4 6. Be2 Nbd7 7. Be3 c5 8. d5
Qa5 9. O-O O-O 10. Qd2 Rfb8 11. a3 a6 12. b4 Qc7 13. Rac1 Rc8 14. Rc2 b5 15.
bxc5 Nxc5 16. Bxc5 Qxc5 17. Rfc1 bxc4 18. e5 dxe5 19. Nxe5 Bf5 20. Ra2 Ne4 21.
Nxe4 Bxe4 22. Rxc4 Qxd5 23. Rxc8+ Rxc8 24. Qxd5 Bxd5 25. Rd2 Rc1+ 26. Bf1 e6
27. Nd3 Ra1 28. Nb2 Bxb2 29. Rxb2 Bc4 0-1

[Event "SR 2. liga A 2003/2004"]
[Site "?"]
[Date "2003.10.18"]
[Round "1.3"]
[White "Hartl, Jan"]
[Black "Janos, Jozef"]
[Result "0-1"]
[WhiteElo "2165"]
[BlackElo "2206"]
[PlyCount "92"]
[EventDate "2003.??.??"]

1. e4 c5 2. Nf3 e6 3. d4 cxd4 4. Nxd4 a6 5. c4 Nf6 6. Nc3 d6 7. Be2 Be7 8. O-O
O-O 9. Be3 Qc7 10. Rc1 b6 11. f4 Bb7 12. Bf3 Nbd7 13. f5 e5 14. Nde2 Rfc8 15.
g4 h6 16. Qd2 Qd8 17. b3 Nc5 18. Ng3 b5 19. b4 Ncd7 20. cxb5 axb5 21. Nxb5 Nb6
22. Rxc8 Rxc8 23. Na3 d5 24. exd5 Nbxd5 25. Rd1 Bxb4 26. Qxb4 Nxb4 27. Rxd8+
Rxd8 28. Bxb7 Nxg4 29. Bc5 Nd3 30. Bb6 Rb8 31. Ba6 Nf4 32. Nc4 Ra8 33. h3 Nxh3+
34. Kg2 Nf4+ 35. Kf3 Nh2+ 36. Ke4 Rxa6 37. Bg1 Rxa2 38. Nxe5 Nh3 39. Bd4 Ra4
40. Kd5 Ng5 41. Nc6 Nhf3 42. Bc3 f6 43. Bb4 Ra1 44. Kd6 Rd1+ 45. Ke7 Nd4 46.
Nd8 Rd3 0-1

[Event "SR 2. liga A 2003/2004"]
[Site "?"]
[Date "2003.10.18"]
[Round "1.3"]
[White "Kantorik, Marian"]
[Black "Skreno, Vladimir"]
[Result "1-0"]
[WhiteElo "2353"]
[BlackElo "2146"]
[PlyCount "63"]
[EventDate "2003.??.??"]

1. d4 Nf6 2. c4 g6 3. Nc3 Bg7 4. e4 d6 5. f4 O-O 6. Nf3 c5 7. d5 e6 8. Be2 exd5
9. cxd5 Re8 10. Nd2 a6 11. a4 b6 12. O-O Nbd7 13. Bf3 Rb8 14. Nc4 Qc7 15. e5
dxe5 16. d6 Qd8 17. fxe5 Nxe5 18. Nxe5 Rxe5 19. Bf4 Rf5 20. Qd2 Nh5 21. Nd5
Bd4+ 22. Kh1 Kh8 23. d7 Bxd7 24. Bxb8 Qxb8 25. Ne7 Re5 26. Rae1 Bxa4 27. b4 Bb5
28. Rxe5 Qxe5 29. Re1 Ng3+ 30. hxg3 Qxg3 31. Re4 f5 32. Rxd4 1-0

[Event "SR 2. liga A 2003/2004"]
[Site "?"]
[Date "2003.10.18"]
[Round "1.3"]
[White "Moravcik, Marian"]
[Black "Kralovic, Andrej"]
[Result "1/2-1/2"]
[WhiteElo "2073"]
[BlackElo "2061"]
[PlyCount "115"]
[EventDate "2003.??.??"]

1. e4 c6 2. d4 d5 3. e5 Bf5 4. Ne2 e6 5. Ng3 Bg6 6. h4 h6 7. h5 Bh7 8. Bd3 Bxd3
9. Qxd3 Qa5+ 10. c3 Qa6 11. Qf3 c5 12. Ne2 Ne7 13. g4 cxd4 14. cxd4 Nbc6 15.
Bd2 Qb6 16. Bc3 Nb4 17. Bxb4 Qxb4+ 18. Qc3 Nc6 19. a3 Qa4 20. Nd2 Bb4 21. Qd3
Na5 22. Rd1 Bxd2+ 23. Rxd2 a6 24. O-O Rc8 25. f4 Qb3 26. Rc1 O-O 27. Rc3 Rxc3
28. Qxc3 Qxc3 29. Nxc3 Nc4 30. Re2 b5 31. Kf2 Rc8 32. Na2 Nb6 33. Nb4 a5 34.
Na6 Nd7 35. b4 axb4 36. axb4 Rc4 37. Nc5 Nb6 38. Ke3 Rxb4 39. f5 Na4 40. fxe6
Nxc5 41. exf7+ $4 (41. e7 $18) 41... Kxf7 42. dxc5 Rxg4 43. Rc2 Re4+ 44. Kd3
Ke7 45. c6 Kd8 46. e6 Rxe6 47. Kd4 Kc7 48. Rc5 g5 49. hxg6 Rxg6 50. Rxb5 Rg4+
51. Kc5 d4 52. Rb7+ Kc8 53. Rh7 d3 54. Rxh6 d2 55. Rh8+ Kc7 56. Rh7+ Kc8 57.
Rd7 Rg1 58. Rxd2 1/2-1/2

[Event "SR 2. liga A 2003/2004"]
[Site "?"]
[Date "2003.10.18"]
[Round "1.3"]
[White "Seitler, Andrej"]
[Black "Pacher, Milan"]
[Result "1/2-1/2"]
[WhiteElo "2144"]
[BlackElo "2057"]
[PlyCount "109"]
[EventDate "2003.??.??"]

1. e4 e6 2. d4 d5 3. Nd2 Nf6 4. e5 Nfd7 5. Bd3 c5 6. c3 Nc6 7. Ne2 Qb6 8. Nf3
cxd4 9. cxd4 f6 10. exf6 Nxf6 11. O-O Bd6 12. Re1 O-O 13. Bf4 Bxf4 14. Nxf4
Qxb2 15. Nxe6 Bxe6 16. Rxe6 Rae8 17. Rxe8 Rxe8 18. Rb1 Qxa2 19. Rxb7 Ne4 20.
Bxe4 dxe4 21. Ne5 Rf8 22. Qb3+ Qxb3 23. Rxb3 Nxd4 24. Re3 a5 25. Rxe4 Nb3 26.
Nc6 Ra8 27. Ra4 Ra6 28. Ne5 Kf8 29. Kf1 Ke7 30. Ke2 Kd6 31. Nd3 Kc6 32. Ra3
Nd4+ 33. Kd2 Kb5 34. Kc3 Ne6 35. Rb3+ Kc6 36. Ne5+ Kd6 37. Rb5 Nf4 38. g3 Nh3
39. f4 a4 40. Kb4 a3 41. Nc4+ Ke6 42. Nxa3 Nf2 43. Nc2 Rd6 44. Re5+ Kf6 45. Kc4
Rc6+ 46. Kb3 Re6 47. Rxe6+ Kxe6 48. Ne3 h5 49. Kc3 g5 50. Kd4 Kf6 51. f5 g4 52.
Kd5 Nh3 53. Ke4 Ng5+ 54. Kf4 Nh3+ 55. Ke4 1/2-1/2

[Event "SR 2. liga A 2003/2004"]
[Site "?"]
[Date "2003.10.18"]
[Round "1.4"]
[White "Duben, Igor"]
[Black "Sukuba, Zdeno"]
[Result "1-0"]
[WhiteElo "2163"]
[BlackElo "2116"]
[PlyCount "71"]
[EventDate "2003.??.??"]

1. e4 c6 2. d4 d5 3. exd5 cxd5 4. Bd3 Nf6 5. c3 Nc6 6. Bf4 Bg4 7. Qb3 Qd7 8.
Nd2 e6 9. h3 Bh5 10. Ngf3 Bxf3 11. Nxf3 a6 12. O-O Be7 13. Ne5 Qc8 14. Rac1 O-O
15. Qc2 h6 16. Qe2 Re8 17. Bb1 Nxe5 18. dxe5 Nh7 19. Qd3 Nf8 20. Qg3 Kh8 21.
Bd2 Qd8 22. Kh1 Rc8 23. f4 f5 24. exf6 Bxf6 25. Qf3 d4 26. cxd4 Bxd4 27. Bb4
Rxc1 28. Rxc1 Bxb2 29. Rd1 Qf6 30. Qe4 Qf5 31. Qxb7 Qxf4 32. Bd6 Qf6 33. Qe4
Kg8 34. Bd3 a5 35. Rf1 Qxf1+ 36. Bxf1 1-0

[Event "SR 2. liga A 2003/2004"]
[Site "?"]
[Date "2003.10.18"]
[Round "1.4"]
[White "Hanes, Mojmir"]
[Black "Hecko, Dusan"]
[Result "1/2-1/2"]
[WhiteElo "2045"]
[BlackElo "2176"]
[PlyCount "98"]
[EventDate "2003.??.??"]

1. e4 c6 2. d4 d5 3. exd5 cxd5 4. c4 Nf6 5. Nc3 g6 6. Nf3 Bg7 7. Bf4 O-O 8. c5
Nc6 9. Be2 b6 10. Bb5 Bd7 11. O-O a6 12. Bxc6 Bxc6 13. Ne5 Rc8 14. Nxc6 Rxc6
15. cxb6 Qxb6 16. Rb1 Rc4 17. Be5 Qc6 18. f3 e6 19. Qd3 Nh5 20. Bxg7 Nxg7 21.
Ne2 Nf5 22. Rfc1 Rc8 23. Rxc4 Qxc4 24. Qc3 Nd6 25. Qxc4 Rxc4 26. Rc1 Ra4 27. a3
Nf5 28. Rd1 h5 29. Kf2 Kf8 30. g4 hxg4 31. fxg4 Nd6 32. Rc1 Rc4 33. Ke1 Ke7 34.
Kd2 Ne4+ 35. Ke3 Nd6 36. b3 Rxc1 37. Nxc1 g5 38. Nd3 Nb5 39. a4 Nc7 40. Nc5 f6
41. Nd3 Kd6 42. Nc5 e5 43. Nb7+ Kc6 44. Nc5 Kd6 45. Nb7+ Ke7 46. Nc5 e4 47. Ke2
Ne6 48. Nxe6 Kxe6 49. b4 Kd6 1/2-1/2